ARRUPE JESUIT UNIVERSITY

CORONAVIRUS -STOP THE SPREAD - CLEAN,DISINFECT,COVER

From warism to pacifism : (Record no. 118251)

MARC details
000 -LEADER
fixed length control field 00850cam a2200301 a 4500
001 - CONTROL NUMBER
control field 719290
003 - CONTROL NUMBER IDENTIFIER
control field ARRUPE
005 - DATE AND TIME OF LATEST TRANSACTION
control field 20131007132458.0
008 - FIXED-LENGTH DATA ELEMENTS--GENERAL INFORMATION
fixed length control field 890310s1989 pau b 001 0 eng
010 ## - LIBRARY OF CONGRESS CONTROL NUMBER
LC control number 88029547
020 ## - INTERNATIONAL STANDARD BOOK NUMBER
International Standard Book Number 0877226032
035 ## - SYSTEM CONTROL NUMBER
System control number (OCoLC)18628903
035 ## - SYSTEM CONTROL NUMBER
System control number (OCoLC)ocm18628903
035 ## - SYSTEM CONTROL NUMBER
System control number (CStRLIN)NYCG89-B18223
035 ## - SYSTEM CONTROL NUMBER
System control number (NNC)719290
040 ## - CATALOGING SOURCE
Transcribing agency DLC
050 0# - LIBRARY OF CONGRESS CALL NUMBER
Classification number JX1952
Item number .C26 1989
090 ## - LOCALLY ASSIGNED LC-TYPE CALL NUMBER (OCLC); LOCAL CALL NUMBER (OCLC)
Classification number (OCLC) (R) ; Classification number, CALL (RLIN) (NR) JX1952
Local cutter number (OCLC) ; Book number/undivided call number, CALL (RLIN) .C26 1989
300 ## - PHYSICAL DESCRIPTION
Dimensions 22 cm.
100 1# - MAIN ENTRY--PERSONAL NAME
Personal name Cady, Duane L.
9 (RLIN) 2129
245 10 - TITLE STATEMENT
Title From warism to pacifism :
Remainder of title a moral continuum /
Statement of responsibility, etc Duane L. Cady.
260 ## - PUBLICATION, DISTRIBUTION, ETC. (IMPRINT)
Place of publication, distribution, etc Philadelphia :
Name of publisher, distributor, etc Temple University Press,
Date of publication, distribution, etc 1989.
300 ## - PHYSICAL DESCRIPTION
Extent xvii, 159 p. ;
504 ## - BIBLIOGRAPHY, ETC. NOTE
Bibliography, etc Includes bibliographies and index.
650 #0 - SUBJECT ADDED ENTRY--TOPICAL TERM
Topical term or geographic name as entry element Pacifism.
9 (RLIN) 2130
650 #0 - SUBJECT ADDED ENTRY--TOPICAL TERM
Topical term or geographic name as entry element Just war doctrine.
9 (RLIN) 2131
942 ## - ADDED ENTRY ELEMENTS (KOHA)
Source of classification or shelving scheme Library of Congress Classification
Koha item type Monograph ( Printed materials)
Holdings
Withdrawn status Lost status Source of classification or shelving scheme Damaged status Not for loan Collection code Home library Current library Shelving location Date acquired Total Checkouts Full call number Barcode Date last seen Price effective from Koha item type
    Library of Congress Classification     Main Collection ARRUPE LIBRARY ARRUPE LIBRARY Main Collection 07/10/2013   JX1952 .C26 1989 46410818 26/06/2018 07/10/2013 Monograph ( Printed materials)

 

Arrupe Library. PO Box MP320 Mt Pleasant, Harare, Zimbabwe
263 242 745411|librarian@aju.ac.zw